000 00433nam a22001697a 4500
005 20180223151441.0
008 160615b xxu||||| |||| 00| 0 eng d
020 _a81-259-1658-3
041 _aeng
082 _b7731
_a327
100 _aChandra, Prakash
_91917
245 _aTheories of international relations
260 _aNew Delhi
_bVikas Publishing House (P) Ltd.
300 _a305
650 _aManagement
_9241
942 _cBK
999 _c2765
_d2764